1415 1114 1891 1443 1208 1201 1886 1950 1244 1099 1749 1959 1319 1117 1676 1881 1590 1845 1509 1621 1160 1529 1506 1392 1519 1898 1500 1042 1805 1284 1735 1570 1158 1805 1702 1383 1248 1907 1390 1505 1790 1176 1258 1109 1378 1542 1557 1437 1526 1381 1668 1089 1677 1671 1294 1977 1578 1374 1372 1899 1876 1864 1552 1147 1543 1306 1293 1127 1391 1036 1974 1770 1166 1388 1627 1288 1727 1935 1452 1358 1610 1205 1060 1873 1130 1137 1922 1657 1051 1625 1332 1181 1064 1339 1198 1512 1362 1712 1050 BCNSPRNW ULIB Ver.6.0+V

เปลี่ยนเป็นภาษาไทย

Change to English
 แสดงรายละเอียดบรรณานุกรม
  กลับหน้าหลัก

Brief Record : Get Marc (ISO 2709) : E-mail record : QR code < ปิดหน้าต่าง
LEADER : 00000nam 2200000uu 4500
001    13399113497
003     ULIB
008    110627s2552||||th 000 0 tha d
020    9786110600804
090    นว.^bป523ฟ 2552
100 0  ปัญญ์ปรียา
245 00 ฟ้าพราวระยับ/^cปัญญ์ปรียา
250    พิมพ์ครั้งที่ 2
260    กรุงเทพฯ :^bแจ่มใส,^c2552
300    393 หน้า
710 1  แจ่มใส
945    ^p239^l0^i026534
995    ทศพร
999 ^a ใช้งานได้ทุกระบบ
รายการนี้ยังไม่มีแท็ก
คุณยังไม่ได้ล็อกอิน คุณสามารถมีกิจกรรมร่วมกับเว็บไซต์ได้ แต่ต้องล็อกอินก่อน ::
  ล็อกอิน

รายการสื่อสารสนเทศ

ลำดับที่ ประเภท เลขเรียก/บาร์โค้ด สถานที่ สถานะ
1. นวนิยาย
นวนิยาย
นว. ป523ฟ 2552 ฉ.1 
  Barcode: 026534
ห้องสมุดวิทยาเขตสวรรค์ประชารักษ์
►นวนิยาย
บนชั้น
  ขอยืม

รายการใกล้เคียง
    ผู้แต่ง [ปัญญ์ปรียา]

BibComment


ยังไม่เคยถูกคอมเมนท์

คอมเมนท์ทรัพยากรรายการนี้
  คอมเมนท์: ฟ้าพราวระยับ ปัญญ..


 Copyright 2026. Bcnsprnw @Library